[Event "GER-chB Seniors 26th"]
[Site "Bad Neuenahr"]
[Date "2014.08.08"]
[Round "4"]
[White "Fuchs, Willy"]
[Black "Schmalbach, Heribert"]
[Result "1-0"]
[WhiteElo "1742"]
[BlackElo "1708"]
[PlyCount "58"]
[EventDate "2014.08.05"]
[EventType "swiss"]
[EventRounds "9"]
[EventCountry "GER"]
[SourceTitle "EXT 2018"]
[Source "ChessBase"]
[SourceDate "2017.10.13"]
[SourceVersion "1"]
[SourceVersionDate "2017.10.13"]
[SourceQuality "1"]

1. d4 d5 2. Nf3 Bf5 3. e3 e6 4. c4 c6 5. Nc3 Nd7 6. Be2 Bd6 7. b3 Qb8 8. Bb2 Ngf6 9. cxd5 exd5 10. h3 h6 11. Rc1 0-0 12. Na4 Bb4+ 13. Bc3 Qd6 14. 0-0 b5 15. Bxb4 Qxb4 16. Nc5 a5 17. Nxd7 Bxd7 18. Ne5 Qd6 19. Nxd7 Qxd7 20. Bd3 Qd6 21. Qd2 Rfe8 22. Rc2 a4 23. b4 Re7 24. Rfc1 Rc7 25. Bxb5 Ne4 26. Qe1 a3 27. Rxc6 Rxc6 28. Rxc6 Qb8 29. Bd3 Nd6 1-0

[Event "Rheinland Pfalz op 2nd"]
[Site "Schweich"]
[Date "2010.07.16"]
[Round "2"]
[White "Van Leyen, Peter"]
[Black "Fuchs, Willy"]
[Result "1-0"]
[WhiteElo "1491"]
[BlackElo "1785"]
[PlyCount "95"]
[EventDate "2010.07.16"]
[EventType "swiss"]
[EventRounds "7"]
[EventCountry "GER"]
[SourceTitle "EXT 2012"]
[Source "ChessBase"]
[SourceDate "2011.11.24"]
[SourceVersion "1"]
[SourceVersionDate "2011.11.24"]
[SourceQuality "1"]

1. d4 d5 2. c4 e6 3. Nf3 Be7 4. e3 Nf6 5. b3 0-0 6. Ba3 c6 7. Bxe7 Qxe7 8. c5 b6 9. b4 a5 10. Qb3 axb4 11. Qxb4 bxc5 12. dxc5 Nbd7 13. Bd3 Qxc5 14. Qxc5 Nxc5 15. Ne5 Nxd3+ 16. Nxd3 Nd7 17. Kd2 c5 18. Re1 c4 19. Nb4 Nc5 20. Nc3 Bd7 21. f3 Rfb8 22. Nc2 Rb7 23. Reb1 Rab8 24. Rxb7 Rxb7 25. Rb1 Rxb1 26. Nxb1 Kf8 27. Kc3 Ke7 28. e4 dxe4 29. fxe4 Nxe4+ 30. Kxc4 Bc6 31. Ne3 Kd7 32. Kb4 Nd6 33. a4 Kc7 34. Nd2 Kb7 35. Nb3 Ka7 36. Nd4 Bb7 37. g3 Be4 38. Nb5+ Nxb5 39. axb5 Bd5 40. Kc5 f5 41. Nxd5 exd5 42. h4 g6 43. Kc6 Kb8 44. Kxd5 Kb7 45. Ke5 Kb6 46. Kf6 Kxb5 47. Kg7 Kc5 48. Kxh7 1-0

[Event "Nettetal op"]
[Site "Nettetal"]
[Date "2010.07.08"]
[Round "6"]
[White "Sturm, Frank"]
[Black "Fuchs, Willy"]
[Result "1-0"]
[WhiteElo "1941"]
[BlackElo "1798"]
[PlyCount "72"]
[EventDate "2010.07.03"]
[EventType "swiss"]
[EventRounds "9"]
[EventCountry "GER"]
[SourceTitle "CBM 137 Extra"]
[Source "ChessBase"]
[SourceDate "2010.09.01"]
[SourceVersion "1"]
[SourceVersionDate "2010.09.01"]
[SourceQuality "1"]

1. e4 c6 2. Nc3 d5 3. f4 dxe4 4. Nxe4 Nd7 5. Bc4 Ngf6 6. Nf2 Nb6 7. Bb3 Bf5 8. Nf3 h6 9. d4 e6 10. 0-0 Be7 11. Ne5 c5 12. g4 Be4 13. Qe2 Bc6 14. dxc5 Nbd5 15. c4 Nc7 16. Nxc6 bxc6 17. Ba4 0-0 18. Bxc6 Rb8 19. Be3 Na6 20. a3 Qc7 21. Bg2 Bxc5 22. g5 hxg5 23. fxg5 Nd7 24. Bxc5 Naxc5 25. g6 f5 26. b4 Ne4 27. Nxe4 fxe4 28. Qxe4 Qd6 29. Qh4 Rxf1+ 30. Rxf1 Nf8 31. c5 Qd3 32. Qf4 Nd7 33. Qf7+ Kh8 34. Qxe6 Rf8 35. Rxf8+ Nxf8 36. Qh3+ Kg8 1-0

[Event "Bad Bertrich Seniors op 17th"]
[Site "Bad Bertrich"]
[Date "2009.12.12"]
[Round "9"]
[White "Fuchs, Willy"]
[Black "Wolf, Margot"]
[Result "0-1"]
[WhiteElo "1468"]
[BlackElo "1328"]
[PlyCount "86"]
[EventDate "2009.12.04"]
[EventType "swiss"]
[EventRounds "9"]
[EventCountry "GER"]
[SourceTitle "EXT 2022"]
[Source "ChessBase"]
[SourceDate "2021.10.06"]
[SourceVersion "1"]
[SourceVersionDate "2021.10.06"]
[SourceQuality "1"]

1. d4 d5 2. Nf3 Nf6 3. e3 Bf5 4. c4 e6 5. a3 c6 6. Nc3 Bd6 7. cxd5 exd5 8. Be2 h6 9. b4 a6 10. Bb2 0-0 11. Rc1 Re8 12. 0-0 Nbd7 13. Na4 Rb8 14. Nc5 Bc7 15. Re1 Bd6 16. Nd2 Qc7 17. Nf1 Qd8 18. Nd2 Qc7 19. Nf3 Bh7 20. h3 Qd8 21. Nd2 Bg6 22. Bf3 Qc7 23. Nf1 Re7 24. Nd2 Rbe8 25. Qa4 Nb6 26. Qb3 Nbd7 27. Kh1 Qc8 28. Nxd7 Qxd7 29. Qd1 Bc7 30. Nf1 Qd6 31. Rc5 Bb6 32. Rc1 Bc7 33. Qb3 Qd7 34. a4 Rc8 35. Rc3 Be4 36. Qd1 Qf5 37. Nd2 Bxf3 38. Nxf3 Ne4 39. Rc2 Bd6 40. Ba3 a5 41. Rb2 axb4 42. Bxb4 Bxb4 43. Rxb4 Nxf2+ 0-1

[Event "Bad Bertrich op 17th"]
[Site "Bad Bertrich"]
[Date "2009.12.10"]
[Round "7"]
[White "Fuchs, Willy"]
[Black "Berger, Volkmar"]
[Result "0-1"]
[WhiteElo "1497"]
[BlackElo "1463"]
[PlyCount "74"]
[EventDate "2009.12.04"]
[EventType "swiss"]
[EventRounds "9"]
[EventCountry "GER"]
[SourceTitle "CBM 134 Extra"]
[Source "ChessBase"]
[SourceDate "2010.03.03"]
[SourceVersion "1"]
[SourceVersionDate "2010.03.03"]
[SourceQuality "1"]

1. d4 Nf6 2. Nf3 e6 3. e3 d5 4. Bd3 c5 5. c3 b6 6. 0-0 Nbd7 7. Nbd2 Bb7 8. Qe2 a6 9. e4 dxe4 10. Nxe4 cxd4 11. cxd4 Be7 12. Bd2 0-0 13. Rac1 Nxe4 14. Bxe4 Bxe4 15. Qxe4 Nf6 16. Qe2 Nd5 17. a3 b5 18. b4 Bf6 19. Be3 Qd6 20. Rc5 h6 21. Rfc1 Rfd8 22. Rc6 Qd7 23. Nd2 Rdc8 24. Rxc8+ Rxc8 25. Rxc8+ Qxc8 26. Nb3 Qc3 27. Nc5 Qa1+ 28. Qf1 Qxa3 29. Nd7 Qxb4 30. Nxf6+ Nxf6 31. g3 Ng4 32. Qc1 Nxe3 33. fxe3 Qc4 34. Qa3 b4 35. Qa4 Qb5 36. Qxb5 axb5 37. Kf2 b3 0-1

[Event "Goch op 20th"]
[Site "Goch"]
[Date "2009.10.01"]
[Round "1"]
[White "Kabos, Tobias"]
[Black "Fuchs, Willy"]
[Result "1-0"]
[WhiteElo "2175"]
[BlackElo "1828"]
[PlyCount "63"]
[EventDate "2009.10.01"]
[EventType "swiss"]
[EventRounds "7"]
[EventCountry "GER"]
[SourceTitle "EXT 2011"]
[Source "ChessBase"]
[SourceDate "2010.11.26"]
[SourceVersion "1"]
[SourceVersionDate "2010.11.26"]
[SourceQuality "1"]

1. e4 c6 2. d4 d5 3. Nc3 dxe4 4. Nxe4 Nd7 5. Ng5 Ngf6 6. Bd3 Nb6 7. N1f3 Bg4 8. h3 Bxf3 9. Nxf3 e6 10. 0-0 Be7 11. Be3 0-0 12. c3 Qc7 13. Re1 Rad8 14. Qc2 g6 15. Bh6 Rfe8 16. Ne5 Bf8 17. Bg5 Bg7 18. Bf4 Qc8 19. Bg5 Nbd5 20. Qc1 Rd6 21. a3 Nd7 22. Nc4 Qc7 23. Nxd6 Qxd6 24. Bc4 f6 25. Bh6 Bh8 26. Ba2 g5 27. h4 Nf4 28. hxg5 Nd3 29. Qc2 Nxe1 30. Rxe1 f5 31. Qxf5 Nf8 32. Bxf8 1-0

[Event "Hessen-ch Seniors op 05th"]
[Site "Bad Sooden-Allendorf"]
[Date "2009.05.02"]
[Round "8"]
[White "Wolff, Heinz"]
[Black "Fuchs, Willy"]
[Result "1/2-1/2"]
[WhiteElo "1377"]
[BlackElo "1502"]
[PlyCount "70"]
[EventDate "2009.04.25"]
[EventType "swiss"]
[EventRounds "9"]
[EventCountry "GER"]
[SourceTitle "EXT 2022"]
[Source "ChessBase"]
[SourceDate "2021.10.06"]
[SourceVersion "1"]
[SourceVersionDate "2021.10.06"]
[SourceQuality "1"]

1. d4 d5 2. Nf3 e6 3. g3 Nf6 4. Bg2 Be7 5. 0-0 0-0 6. e3 b6 7. Nbd2 Bb7 8. b3 Nbd7 9. Bb2 c5 10. c4 Rc8 11. Rc1 dxc4 12. Nxc4 Ba6 13. Re1 Bxc4 14. bxc4 Re8 15. Ne5 Nxe5 16. dxe5 Nd7 17. f4 Qc7 18. Qg4 Red8 19. e4 Nf8 20. f5 exf5 21. exf5 Rd2 22. Bc3 Rxg2+ 23. Kxg2 Qc6+ 24. Kg1 f6 25. Rcd1 Rd8 26. e6 Rxd1 27. Rxd1 Qa4 28. Re1 b5 29. Re4 b4 30. Bxf6 Bxf6 31. e7 Bd4+ 32. Rxd4 cxd4 33. f6 g6 34. exf8Q+ Kxf8 35. Qxd4 Qe8 1/2-1/2

[Event "Hessen-ch Seniors op 05th"]
[Site "Bad Sooden-Allendorf"]
[Date "2009.04.26"]
[Round "2"]
[White "Rost van Tonningen, Otto"]
[Black "Fuchs, Willy"]
[Result "1-0"]
[WhiteElo "1938"]
[BlackElo "1502"]
[PlyCount "77"]
[EventDate "2009.04.25"]
[EventType "swiss"]
[EventRounds "9"]
[EventCountry "GER"]
[SourceTitle "EXT 2022"]
[Source "ChessBase"]
[SourceDate "2021.10.06"]
[SourceVersion "1"]
[SourceVersionDate "2021.10.06"]
[SourceQuality "1"]

1. d4 d5 2. Nf3 Nf6 3. Bf4 e6 4. Nbd2 Be7 5. e3 0-0 6. Bd3 b6 7. Ne5 Bb7 8. Qf3 g6 9. Bh6 Nbd7 10. Bxf8 Qxf8 11. Nxd7 Nxd7 12. Qg3 c5 13. c3 Rc8 14. h4 cxd4 15. exd4 Bd6 16. f4 Qh6 17. 0-0 Nf6 18. Rae1 Nh5 19. Qg5 Qg7 20. f5 h6 21. Qg4 Nf6 22. Qh3 gxf5 23. Bxf5 exf5 24. Qxf5 Qg3 25. Qxf6 Qh2+ 26. Kf2 Qg3+ 27. Ke2 Re8+ 28. Kd1 Rxe1+ 29. Rxe1 Bf8 30. Re8 Qg4+ 31. Nf3 Qxg2 32. Ne5 Qg1+ 33. Kc2 Qg2+ 34. Kb3 Qg7 35. Qxg7+ Kxg7 36. Rb8 Ba6 37. Ra8 Bc4+ 38. Nxc4 dxc4+ 39. Kxc4 1-0

[Event "Hessen-ch Seniors op 04th"]
[Site "Bad Sooden-Allendorf"]
[Date "2008.05.02"]
[Round "9"]
[White "Jobski, Werner"]
[Black "Fuchs, Willy"]
[Result "1-0"]
[WhiteElo "1683"]
[BlackElo "1543"]
[PlyCount "65"]
[EventDate "2008.04.24"]
[EventType "swiss"]
[EventRounds "9"]
[EventCountry "GER"]
[SourceTitle "EXT 2022"]
[Source "ChessBase"]
[SourceDate "2021.10.06"]
[SourceVersion "1"]
[SourceVersionDate "2021.10.06"]
[SourceQuality "1"]

1. e4 c6 2. d4 d5 3. e5 Bf5 4. h4 h5 5. Bd3 Bxd3 6. Qxd3 e6 7. Nf3 Be7 8. Bg5 Qa5+ 9. Nbd2 Qa6 10. Qe3 Nd7 11. Nb3 g6 12. a3 b6 13. 0-0-0 Rc8 14. Kb1 c5 15. dxc5 Bxc5 16. Nfd4 Qc4 17. Rd3 Qa6 18. Rh3 b5 19. Qf4 b4 20. axb4 Bxb4 21. Rhf3 Rh7 22. Qe3 Nc5 23. Nxc5 Bxc5 24. Rc3 Qf1+ 25. Qc1 Qxc1+ 26. Kxc1 Kd7 27. Nb5 a6 28. Nd6 Bxd6 29. exd6 Rxc3 30. Rxc3 f6 31. Rc7+ Kxd6 32. Rxh7 fxg5 33. hxg5 1-0

[Event "Hessen-ch Seniors op 04th"]
[Site "Bad Sooden-Allendorf"]
[Date "2008.05.01"]
[Round "8"]
[White "Fuchs, Willy"]
[Black "Fritsche, Rainer"]
[Result "1-0"]
[WhiteElo "1543"]
[BlackElo "1358"]
[PlyCount "53"]
[EventDate "2008.04.24"]
[EventType "swiss"]
[EventRounds "9"]
[EventCountry "GER"]
[SourceTitle "EXT 2022"]
[Source "ChessBase"]
[SourceDate "2021.10.06"]
[SourceVersion "1"]
[SourceVersionDate "2021.10.06"]
[SourceQuality "1"]

1. d4 Nf6 2. Nf3 d5 3. Nbd2 Nbd7 4. e3 c6 5. c4 e6 6. Bd3 a6 7. b3 Be7 8. 0-0 0-0 9. Re1 Re8 10. Bb2 Bf8 11. Rc1 Qa5 12. Bb1 Qd8 13. e4 dxe4 14. Nxe4 Nxe4 15. Rxe4 Nf6 16. Re1 a5 17. Ne5 g6 18. Qf3 Bg7 19. Rcd1 Qc7 20. Bc1 Rf8 21. Bf4 Qd8 22. Bg5 h6 23. Bh4 g5 24. Bg3 Qb6 25. Ng4 Re8 26. Nxf6+ Bxf6 27. Qxf6 1-0

[Event "Hessen-ch Seniors op 04th"]
[Site "Bad Sooden-Allendorf"]
[Date "2008.04.27"]
[Round "4"]
[White "Lichtenberg, Friedrich"]
[Black "Fuchs, Willy"]
[Result "1/2-1/2"]
[WhiteElo "1661"]
[BlackElo "1543"]
[PlyCount "39"]
[EventDate "2008.04.24"]
[EventType "swiss"]
[EventRounds "9"]
[EventCountry "GER"]
[SourceTitle "EXT 2022"]
[Source "ChessBase"]
[SourceDate "2021.10.06"]
[SourceVersion "1"]
[SourceVersionDate "2021.10.06"]
[SourceQuality "1"]

1. e4 c6 2. d4 d5 3. exd5 cxd5 4. Nf3 Bg4 5. Be2 e6 6. 0-0 Nc6 7. h3 Bh5 8. Nc3 Be7 9. Ne5 Bxe2 10. Nxe2 Nf6 11. Bf4 0-0 12. c3 Rc8 13. Rc1 a6 14. a4 a5 15. Qd3 b6 16. Rc2 Nxe5 17. Bxe5 Nd7 18. Bf4 Nf6 19. Be5 Nd7 20. Bf4 1/2-1/2

[Event "Bad Wiessee Seniors op 1st"]
[Site "Bad Wiessee"]
[Date "2006.04.18"]
[Round "1"]
[White "Fuchs, Willy"]
[Black "Lainburg, Victor"]
[Result "0-1"]
[WhiteElo "1845"]
[BlackElo "2182"]
[PlyCount "106"]
[EventDate "2006.04.18"]
[EventType "swiss"]
[EventRounds "7"]
[EventCountry "GER"]
[SourceTitle "EXT 2007"]
[Source "ChessBase"]
[SourceDate "2006.11.23"]
[SourceVersion "1"]
[SourceVersionDate "2006.11.23"]
[SourceQuality "1"]

1. d4 g6 2. Nd2 Bg7 3. Ngf3 d5 4. e3 Nf6 5. Bd3 0-0 6. 0-0 Nbd7 7. c3 c5 8. Re1 b6 9. e4 cxd4 10. cxd4 dxe4 11. Nxe4 Bb7 12. Bd2 Nd5 13. Rc1 N7f6 14. Nxf6+ Bxf6 15. Be3 Qd6 16. a3 Rac8 17. Qe2 Nf4 18. Bxf4 Qxf4 19. Qe3 Qd6 20. Be4 Bd5 21. Bxd5 Qxd5 22. b4 Rfd8 23. g3 e6 24. Qf4 Qf5 25. Qxf5 gxf5 26. Rxc8 Rxc8 27. Re3 Rc1+ 28. Kg2 Kf8 29. Rd3 Ke7 30. Ne5 Bg7 31. h4 f6 32. Nf3 Kd6 33. Nd2 Kd5 34. Re3 Rc2 35. Re2 Bf8 36. f4 Ra2 37. Kf2 Rxa3 38. b5 Ra2 39. Kf3 Bb4 40. Nf1 Rxe2 41. Kxe2 Kxd4 42. Ne3 Kc5 43. g4 fxg4 44. Nxg4 Bc3 45. Kd3 f5 46. Nh2 Bf6 47. Nf3 h5 48. Ng5 Kxb5 49. Nxe6 a5 50. Nc7+ Kc6 51. Ne6 b5 52. Nd4+ Bxd4 53. Kxd4 Kd6 0-1

[Event "Goch op 16th"]
[Site "Goch"]
[Date "2005.10.01"]
[Round "3"]
[White "Fuchs, Willy"]
[Black "Fiederling, Wilfried"]
[Result "1/2-1/2"]
[WhiteElo "1805"]
[BlackElo "2133"]
[PlyCount "39"]
[EventDate "2005.09.30"]
[EventType "swiss"]
[EventRounds "7"]
[EventCountry "GER"]
[SourceTitle "EXT 2007"]
[Source "ChessBase"]
[SourceDate "2006.11.23"]
[SourceVersion "1"]
[SourceVersionDate "2006.11.23"]
[SourceQuality "1"]

1. d4 c5 2. e3 e6 3. Nf3 b6 4. Be2 Bb7 5. 0-0 Nf6 6. c4 Be7 7. Nbd2 0-0 8. b3 d5 9. Bb2 Nbd7 10. Rc1 Rc8 11. dxc5 bxc5 12. Qc2 Qb6 13. Qb1 Rfd8 14. Rfd1 Nf8 15. Ne5 Ne4 16. cxd5 exd5 17. Nxe4 dxe4 18. Bc4 Ne6 19. Rxd8+ Rxd8 20. Rd1 1/2-1/2

[Event "Nettetal Chessgate op"]
[Site "Nettetal"]
[Date "2004.08.08"]
[Round "2"]
[White "Bieker, Peter"]
[Black "Fuchs, Willy"]
[Result "0-1"]
[WhiteElo "1070"]
[BlackElo "1679"]
[PlyCount "66"]
[EventDate "2004.08.07"]
[EventType "swiss"]
[EventRounds "9"]
[EventCountry "GER"]
[SourceTitle "EXT 2006"]
[Source "ChessBase"]
[SourceDate "2005.11.24"]
[SourceVersion "1"]
[SourceVersionDate "2005.11.24"]
[SourceQuality "1"]

1. d4 d5 2. Nf3 Nf6 3. e3 Bg4 4. Bd3 e6 5. 0-0 Bd6 6. Nbd2 0-0 7. Re1 Nbd7 8. h3 Bh5 9. e4 dxe4 10. Nxe4 Be7 11. c3 c6 12. Nxf6+ Bxf6 13. Re4 Bg6 14. Rg4 Bxd3 15. Qxd3 Ne5 16. Nxe5 Bxe5 17. Bh6 f5 18. Bg5 Bf6 19. Bxf6 Rxf6 20. Rg3 Qc7 21. Re1 Rd8 22. Rge3 Rd6 23. Qc4 Qd7 24. b4 b5 25. Qc5 Rd5 26. Qxd5 cxd5 27. f4 Rg6 28. h4 h5 29. Kf2 Kf7 30. Rg3 Rxg3 31. Kxg3 Qc6 32. Kf2 Qxc3 33. Re3 Qxd4 0-1

[Event "Kienberg op-B Seniors 1st"]
[Site "Freudenstadt"]
[Date "2003.09.16"]
[Round "3"]
[White "Hartmann, Rudi"]
[Black "Fuchs, Willy"]
[Result "1/2-1/2"]
[WhiteElo "1689"]
[BlackElo "1542"]
[PlyCount "41"]
[EventDate "2003.09.??"]
[EventType "swiss"]
[EventRounds "9"]
[EventCountry "GER"]
[SourceTitle "EXT 2006"]
[Source "ChessBase"]
[SourceDate "2005.11.24"]
[SourceVersion "1"]
[SourceVersionDate "2005.11.24"]
[SourceQuality "1"]

1. d4 d5 2. c4 e6 3. Nc3 Nf6 4. Bg5 Be7 5. e3 0-0 6. Nf3 Re8 7. Bd3 dxc4 8. Bxc4 a6 9. 0-0 b5 10. Bd3 Bb7 11. Qe2 c5 12. dxc5 Bxf3 13. Qxf3 Nbd7 14. Bc2 Nxc5 15. Rfd1 Qc7 16. Rac1 Rad8 17. Bb1 Rxd1+ 18. Rxd1 Rd8 19. Rxd8+ Qxd8 20. Qd1 Qxd1+ 21. Nxd1 1/2-1/2

[Event "Kleve op"]
[Site "Kleve"]
[Date "2002.05.11"]
[Round "5"]
[White "Fuchs, Willy"]
[Black "Jazmati, Danny"]
[Result "1-0"]
[WhiteElo "1486"]
[BlackElo "1404"]
[PlyCount "105"]
[EventDate "2002.05.09"]
[EventType "swiss"]
[EventRounds "7"]
[EventCountry "GER"]
[SourceTitle "EXT 2008"]
[Source "ChessBase"]
[SourceDate "2007.11.25"]
[SourceVersion "1"]
[SourceVersionDate "2007.11.25"]
[SourceQuality "1"]

1. d4 e6 2. Nf3 d5 3. e3 Nf6 4. Bd3 c6 5. Nbd2 Nbd7 6. 0-0 Be7 7. c3 0-0 8. e4 dxe4 9. Nxe4 Nxe4 10. Bxe4 Nf6 11. Bc2 Qd5 12. Bg5 h6 13. Bxf6 Bxf6 14. Re1 b6 15. Qd3 g6 16. Ne5 Bxe5 17. Rxe5 Qd7 18. Rae1 Re8 19. Bb3 c5 20. Qe3 cxd4 21. cxd4 Qd6 22. d5 Bd7 23. dxe6 Bxe6 24. Bxe6 Rxe6 25. Rxe6 Qxe6 26. Qxe6 fxe6 27. Rxe6 Kf7 28. Re2 Rc8 29. g3 Rc1+ 30. Kg2 Kf6 31. f4 g5 32. fxg5+ hxg5 33. g4 Rc5 34. Rf2+ Kg6 35. b3 Rd5 36. Kg3 Rd8 37. Rf3 Rh8 38. b4 Rd8 39. a3 Re8 40. h3 Rd8 41. Rc3 Rd7 42. Kf3 Re7 43. Re3 Rxe3+ 44. Kxe3 Kf6 45. b5 Ke5 46. Kf3 Kf6 47. Kg3 Kg6 48. h4 gxh4+ 49. Kxh4 Kh7 50. Kg5 Kg7 51. a4 Kg8 52. Kg6 Kf8 53. Kh7 1-0

[Event "Kleve op"]
[Site "Kleve"]
[Date "2002.05.11"]
[Round "6"]
[White "Schneider, Hans Peter"]
[Black "Fuchs, Willy"]
[Result "0-1"]
[WhiteElo "2134"]
[BlackElo "1486"]
[PlyCount "35"]
[EventDate "2002.05.09"]
[EventType "swiss"]
[EventRounds "7"]
[EventCountry "GER"]
[SourceTitle "EXT 2008"]
[Source "ChessBase"]
[SourceDate "2007.11.25"]
[SourceVersion "1"]
[SourceVersionDate "2007.11.25"]
[SourceQuality "1"]

1. e4 c6 2. d4 d5 3. e5 Bf5 4. Bd3 Bxd3 5. Qxd3 e6 6. Ne2 Qa5+ 7. c3 Qa6 8. Qc2 c5 9. 0-0 Nc6 10. f4 Nh6 11. Nd2 Qxe2 12. Rf2 Qa6 13. Nf3 Nf5 14. g4 Nh6 15. h3 cxd4 16. cxd4 Qc4 17. Qxc4 dxc4 18. a4 0-1

[Event "Kleve op"]
[Site "Kleve"]
[Date "2002.05.09"]
[Round "1"]
[White "Fuchs, Willy"]
[Black "Kneutgen, Alexander"]
[Result "1/2-1/2"]
[WhiteElo "1486"]
[BlackElo "2140"]
[PlyCount "49"]
[EventDate "2002.05.09"]
[EventType "swiss"]
[EventRounds "7"]
[EventCountry "GER"]
[SourceTitle "EXT 2008"]
[Source "ChessBase"]
[SourceDate "2007.11.25"]
[SourceVersion "1"]
[SourceVersionDate "2007.11.25"]
[SourceQuality "1"]

1. d4 Nf6 2. Nf3 g6 3. Bg5 Bg7 4. Nbd2 c5 5. c3 cxd4 6. cxd4 Qa5 7. e3 Nc6 8. Be2 0-0 9. Bxf6 Bxf6 10. 0-0 d6 11. a3 Bd7 12. b4 Qd8 13. Rc1 Rc8 14. Qb3 a6 15. Bc4 h6 16. Bd3 Bg7 17. Rc2 Kh7 18. Rfc1 e5 19. d5 Ne7 20. e4 f5 21. a4 f4 22. b5 axb5 23. Bxb5 Bg4 24. Be2 Bxf3 25. Bxf3 1/2-1/2